Normal view
MARC view
- Gay-Para, Praline
Entry Nombre Personal
001 - NUMERO DE CONTROL
- campo de control: 35866
003 - IDENTIFICADOR DE NUMERO DE CONTROL
- campo de control: UPN
005 - FECHA Y HORA DE LA ÜLTIMA TRANSACCIÓN
- campo de control: 20210219194508.0
008 - DATOS DE LONGITUD FIJA
- campo de control de longitud fija: nabaccnnaabn|||||||||| b |nc|||||d
035 ## - NUMERO DE CONTROL
- Número de control: UPN11000007973
040 ## - FUENTE DE CATALOGACIÓN
- Lenguaje de catalogación: SPA
- Agencia de transcripción: UPN
100 1# - ENCABEZAMIENTO - NOMBRE PERSONAL
- Nombre personal: Gay-Para, Praline
670 ## - FUENTE EN LA QUE SE LOCALIZARON DATOS
- Cita de la fuente: LC/P
680 ## - NOTA PUBLICA DE ACCESO PÚBLICO
- Frase explicativa de la referencia: Ella crea performances, en solitario o en colaboración con otros artistas, en teatros y al aire libre. Por otra parte, con un título universitario en etno-lingüística y gracias a su curiosidad, ella reflexiona sobre las cuestiones artísticas y teóricas de la oralidad.
902 ## - CATALOGADOR
- Catalogador: MITM/260914
